Principles of modern company law (Record no. 33904)

MARC details
000 -LEADER
fixed length control field 00463nam a2200193Ia 4500
020 ## - INTERNATIONAL STANDARD BOOK NUMBER
ISBN 9789780572597
050 ## - CALL MARK
Classification number KP 128 .P2/
100 ## - STATEMENT OF RESPONSIBILITY--MAIN AUTHOR NAME
Personal name Paul l.davies
245 #0 - TITLE STATEMENT
Title Principles of modern company law
250 ## - EDITION / VOLUME STATEMENT
Edition / Volume statement 8th ed.
260 ## - PUBLICATION, DISTRIBUTION, ETC. (IMPRINT)
Place of publication London,
260 ## - PUBLICATION, DISTRIBUTION, ETC. (IMPRINT)
Name of publisher sweet and maxwell
260 ## - PUBLICATION, DISTRIBUTION, ETC. (IMPRINT)
Year of publication 2008
300 ## - PHYSICAL DESCRIPTION
Number of Pages 1258 p
650 ## - SUBJECT ADDED ENTRY--TOPICAL TERM
Topical Term Modern company law-Nigeria.
942 ## - ADDED ENTRY ELEMENTS (KOHA)
Koha item type Books
Holdings
Withdrawn status Lost status Source of classification or shelving scheme Damaged status Not for loan Permanent Location Current Location Shelving location Date acquired Accession Number Price effective from Koha item type
    Library of Congress Classification     NILE UNIVERSITY OF NIGERIA - MAIN LIBRARY NILE UNIVERSITY OF NIGERIA - MAIN LIBRARY Items on shelf 04/23/2025 0185943 04/23/2025 Books